000 00396nam a2200145Ia 4500
008 231129s1973||||xx |||||||||||||| ||spa||
020 _a84-335-7046-3 (v.1
040 _bspa
082 _a709.044 T356a
100 _aTeyssédre Bernard
245 0 _aEl arte del siglo de luis XIV
260 _c1973
264 _aBarcelona España : Labor
942 _2ddc
_cBKS
999 _c10288
_d10288